States Bordering Kentucky - Statistics

General Stats
  • This quiz has been taken 25 times
  • The average score is 6 of 7
Answer Stats
Hint Answer % Correct
East Virginia
94%
East West Virginia
94%
North Indiana
89%
North Ohio
89%
South Tennessee
89%
Northwest Illinois
83%
West Missouri
83%
No matching quizzes found
Score Distribution
Percent of People with Each Score
Percentile by Number Answered
Your Score History
You have not taken this quiz